Responses for show #3558 - Wednesday, February 9, 2000

2000-A College Championship quarterfinal game 3.

Contestants

[<< previous game]

Gina Bronsberg, a sophomore at the University of Illinois from Chicago, Illinois

Milo Dochow, a freshman at Cooper Union from Portland, Oregon

Julia Becker, a senior at Brandeis University from Cranford, New Jersey

[next game >>]

Jeopardy! Round responses

LITERARY HEROINES
NEXT IN LINE, PLEASE
ISLANDS
1999 FILMS
SCIENCE CLASS
MY "BAD"
    $100 1
"Anne of Green Gables"

Julia
    $100 8
Pope

Julia
    $100 15
Taiwan

Julia
    $100 5
Election

Gina
    $100 4
Dilute

Gina
    $100 16
Bad boys

Gina
    $200 2
Jane Eyre

Julia
    $200 9
(M: Who is Ronald Reagan?)

Barbara Bush

MiloGina
    $200 27
Great Britain

Triple Stumper
    $200 6
Woody Allen

Triple Stumper
    $200 11
Carolus Linnaeus

Triple Stumper
    $200 17
Bad apple

Julia
    $300 3
(J: What is "Wuthering Heights?")

"The Age of Innocence"

Julia
Triple Stumper
    $300 10
Louis XIV

Julia
    $300 28
Manhattan

Triple Stumper
    $300 7
Gabriel Byrne

Triple Stumper
    $300 12
(J: What is....sorry.)

Tin

Julia
    $300 18
Bad break

Julia
    $400 23
"The Mill on the Floss"

Triple Stumper
    $400 25
(M: What is Grade A?)

Prime

Milo
Triple Stumper
    $400 29
Sri Lanka

Julia
    $400 21
Wes Craven

Triple Stumper
    $400 13
Iris

Julia
    $400 19
Badger

Milo
    $500 24
William Faulkner

Triple Stumper
    $500 26
C (100)

Gina
    $500 30
Madagascar

Gina
    $500 22
Charlize Theron

Gina
    $500 14
Lichen

Milo
    $500 20
Sinbad

Gina

Scores at the first commercial break (after clue 14):

Julia Milo Gina
$500 $300 $400

Scores at the end of the Jeopardy! Round:

Julia Milo Gina
$1,500 $300 $2,500

Double Jeopardy! Round responses

BLACK AMERICAN HISTORY
30-SECOND THEATER
(Alex: I'll give you a brief description & you have to identify the work; give us the title.)
RELIGION
STATE CAPITALS
VOCABULARY
MY BOD
    $200 26
The Exodus

Julia
    $200 1
"Phantom of the Opera"

Milo
    $200 21
Islam

Milo
    $200 6
Lansing

Julia
    $200 7
Facsimile

Julia
    $200 12
Heart

Julia
    $400 27
March on Washington, D.C.

Julia
    $400 2
"Beauty and the Beast"

Gina
    $400 22
Shinto

Milo
    $400 17
Phoenix

Gina
    $400 8
Gate/gait

Julia
    $400 13
Tendon

Julia
    $1,000 28
(J: What is the Black American College Fund?)

United Negro College Fund

Julia
    $600 3
"Rent"

Milo
    $600 23
Ascension

Gina
    $600 18
Montpelier, Vermont

Julia
    $600 9
(M: What is swimming?)

Fishing

JuliaMilo
    $600 14
Spine

Julia
    $800 30
Crispus Attucks

Gina
    $800 4
(M: What is "Victor/Victoria?")

"M. Butterfly"

Milo
Triple Stumper
    $800 24
(J: What is Buddhism?)

Taoism

Julia
Triple Stumper
    $800 19
Providence

Gina
    $800 10
Condolences

Julia
    $800 15
Pineal gland

Triple Stumper
    $1000 29
(J: What is the Southern Baptist Church?)

African Methodist Episcopal Church (AME)

Julia
Triple Stumper
    $1000 5
"Major Barbara"

Triple Stumper
    $1000 25
(J: Who is Vishnu?)

Brahma

Julia
Triple Stumper
    $900 20
Bismarck, North Dakota

Gina
    $1000 11
Ruminate

Triple Stumper
    $1000 16
Adenoids

Gina

Scores at the end of the Double Jeopardy! Round:

Julia Milo Gina
$2,300 $300 $7,400
(lock game)

Final Jeopardy! Round responses

CLASSIC TOYS
MiloWhat Happened?
$22
JuliaWhat is Mr. Potatohead
$2,300
GinaWhat is Mr. Potato Head?
$0
Mr. Potato Head

Final scores:

Julia Milo Gina
$4,600 $278 $7,400
2nd place: $2,500 if eliminated 3rd place: $2,500 if eliminated Automatic semifinalist

Game dynamics:

Coryat scores:

Julia Milo Gina
$3,600 $300 $7,500
20 R,
6 W
(including 2 DDs)
6 R,
4 W
15 R
(including 1 DD),
0 W

Combined Coryat: $11,400

The J! Archive is created by fans, for fans. The Jeopardy! game show and all elements thereof, including but not limited to copyright and trademark thereto, are the property of Jeopardy Productions, Inc. and are protected under law. This website is not affiliated with, sponsored by, or operated by Jeopardy Productions, Inc. Join the discussion at JBoard.tv.